Industrielle und gewerbliche Dienstleistungen

Uložené v:
Podrobná bibliografia
Hlavný autor: Zapf, Hannes
Médium: Kniha
Jazyk:German
Vydavateľské údaje: Wiesbaden Deutscher Universitäts Verlag 1990
Vydanie:1. Aufl.
Predmet:
Tagy: Pridať tag
Žiadne tagy, Buďte prvý, kto otaguje tento záznam!

MARC

LEADER 00000nam a2200000 4500
001 c010977
005 20221206122454.2
020 |a 3-8244-0060-X 
041 0 |a ger 
044 |a DE 
245 1 0 |a Industrielle und gewerbliche Dienstleistungen  |c Hannes Zapf 
250 |a 1. Aufl. 
264 1 |a Wiesbaden  |b Deutscher Universitäts Verlag  |c 1990 
300 |a 272 s. 
610 2 0 |a služby 
610 2 0 |a podnik 
610 2 0 |a stratégia podniková 
610 2 0 |a riadenie 
610 2 0 |a štruktúra organizačná 
610 2 0 |a plánovanie 
610 2 0 |a manažment 
610 2 0 |a trh 
610 2 0 |a zákazníci 
610 2 0 |a výskum 
100 1 |a Zapf, Hannes